000 00226nam a22000857a 4500
008 170619b xxu||||| |||| 00| 0 eng d
100 _93524
_aGupta R.K.et al
245 _aEnglish Communicative IX-I II
260 _aNew Delhi
_bLP
_c2012
999 _c6908
_d6908